000
00263nam a2200109Ia 4500
008
190914s9999||||xx |||||||||||||| ||und||
100
_a
Louise Barnfield
245
0
_a
Oracle Education
260
_a
New Jersey
_b
World Scientific
_c
2001
300
_a
348
942
_c
BK
999
_c
8572
_d
8572